Normale Ansicht MARC-Ansicht ISBD

O perežitom : (Titelsatznr. 40009)

[ MARC ]
MARC-Details
000 -Satzkennung
Kontrollfeld mit fester Länge 00672nam a22002171c 4500
001 - Kontrollnummer
Kontrollfeld 524444757
008 - Feld mit fester Länge zur physischen Beschreibung - Allgemeine Angaben
Kontrollfeld mit fester Länge 161128s2006 gw a||| 000u rus d
020 ## - Internationale Standardbuchnummer
Internationale Standardbuchnummer 5235026780
Verknüpfung 5-235-02678-0
041 ## - Sprachcode
Sprachcode des Textes/der Tonspur oder des separaten Titels rus
040 ## - Katalogisierungsquelle
Übertragungsstelle RU-10907106
003 - Kontrollnummer Identifier
Kontrollfeld RU-10907106
100 1# - Haupteintragung - Personenname
Personenname Nesterov, Michail V.
245 00 - Titel
Titel O perežitom :
Zusatz zum Titel 1862 - 1917 gg. ; vospominanija /
Verfasserangabe etc. Michail Nesterov. [Podgot. teksta M. I. ... Titovych ...]
264 ## - Produktion, Veröffentlichung, Distribution, Herstellung und Urheberrechtsvermerk
Herstellungs-, Veröffentlichungs- Vertriebs-, Erzeugungsort Moskva :
Produzent, Herausgeber, Distributor, Hersteller Molodaja Gvardija,
Datum der Herstellung, der Veröffentlichung, des Vertriebs oder des Urheberschutzvermerks 2006
300 ## - Physische Beschreibung
Umfang 587 S : Ill
490 #0 - Gesamttitelangabe
Gesamttitelangabe Biblioteka memuarov : blizkoe prošloe
Bandnummer/Folgebezeichnung 19
600 #0 - Nebeneintragung unter einem Schlagwort - Personenname
Personenname Nesterov, Michail V.
655 #0 - Indexierungsterm - Genre/Form
Genre/Form oder fokussierter Term
700 1# - Nebeneintragung - Personenname
Personenname Titova, M. I.
Funktionsbezeichnung HerausgeberIn
942 ## - Zusätzliche Felder (Koha)
Koha-Medientyp Monographien
Exemplare
Ausgeschieden Verloren Klassifikation oder Aufstellungssystematik Beschädigt Nicht entleihbar Heimatbibliothek Aufenthaltsbibliothek Aufstellungsort Erwerbungsdatum Inventarnummer Signatur Barcode Letzte Aktivität Preis gültig von Koha-Medientyp
    Andere/Generische Klassifikation     MWN Osteuropa MWN Osteuropa Magazin - 2 28/11/2016 16-04664 R 54 v Nes E004015079099EA7 23/02/2021 22/03/2021 Monographien